Statistieken voor Moderne landen van het Portugese Rijk

Klik hier om de quiz te nemen!

Algemene statistieken

  • Deze quiz is 34 keer genomen
  • De gemiddelde score is 8 van 12

Antwoorden op de kaart

Antwoorden kleurgecodeerd door een groen-rode schaal op de quizkaart volgens % correct hieronder.
 

Antwoordstatistieken

Land% Correct
Brazilië
100%
Portugal
96%
Uruguay
88%
Angola
81%
Kaapverdië
77%
Mozambique
77%
China (Macau)
62%
Sao Tomé en Principe
62%
India
58%
Oost-Timor
54%
Malawi
46%
Guinee-Bissau
38%

Scoreverdeling

Percentiel versus Aantal Correcte Antwoorden

Procent van Mensen met Elke Score

Uw Scoregeschiedenis

U heeft deze quiz nog niet genomen